000 00755nam a2200193 i 4500
001 155398
003 ES-MaACL
005 20250728191651.0
008 150908s1966 mx |||| | eng d
100 1 _aSilva E., R. S.
_9157409
245 1 0 _aMexican history Diego Rivera’s
_b: frescoes in the National Palace and elsewhere in Mexico City. : A descriptive guide book of the National Palace and its royal rooms /
_cR. S. Silva E.
260 _aMexico City :
_bSinalomex. Editorial,
_c1966.
300 _a1 vol. (pag. var.) :
_bil. col. ;
_c20 cm.
500 _aTextos en inglés y español.
600 1 4 _aRivera, Diego,
_d1886-1957
_997610
610 0 4 _aPalacio Nacional (México)
_96096
852 _aES-MaACL
_j2331-F-15
999 _c155398
_d155398